|
|
|
|
| LEADER |
00000nbm0a2200000 4500 |
| 001 |
340968 |
| 005 |
20240213151647.0 |
| 035 |
|
|
|a (RuTPU)RU\TPU\book\368148
|
| 035 |
|
|
|a RU\TPU\book\368149
|
| 090 |
|
|
|a 340968
|
| 100 |
|
|
|a 20180515d2018 k y0rusy50 ca
|
| 101 |
0 |
|
|a rus
|
| 102 |
|
|
|a RU
|
| 105 |
|
|
|a a m 001zy
|
| 200 |
1 |
|
|a Вольтамперометрическое определение компонентов-маркеров продуктов выстрела в объектах криминалистики
|e диссертация на соискание ученой степени кандидата химических наук
|e спец. 02.00.02
|f И. А. Сорокин
|g Национальный исследовательский Томский политехнический университет (ТПУ) ; науч. рук. Г. Б. Слепченко
|
| 210 |
|
|
|a Томск
|c [Б. и.]
|d 2018
|
| 215 |
|
|
|a 123 л.
|c ил.
|
| 300 |
|
|
|a Защищена в апреле 2018 г.
|
| 320 |
|
|
|a Библиогр.: с.111-123 (111 назв.)
|
| 452 |
|
1 |
|0 (RuTPU)RU\TPU\book\366731
|t Вольтамперометрическое определение компонентов-маркеров продуктов выстрела в объектах криминалистики
|o диссертация на соискание ученой степени кандидата химических наук
|o спец. 02.00.02
|f И. А. Сорокин
|g Национальный исследовательский Томский политехнический университет ; науч. рук. Г. Б. Слепченко
|c Томск
|d 2018
|a Сорокин, Игорь Андреевич
|
| 606 |
1 |
|
|a Вольтамперометрия
|2 stltpush
|3 (RuTPU)RU\TPU\subj\3652
|9 32036
|
| 610 |
1 |
|
|a криминалистика
|
| 610 |
1 |
|
|a продукты выстрела
|
| 610 |
1 |
|
|a физико-химические характеристики
|
| 610 |
1 |
|
|a аналитические сигналы
|
| 610 |
1 |
|
|a получение
|
| 610 |
1 |
|
|a рабочие условия
|
| 610 |
1 |
|
|a пробоподготовка
|
| 610 |
1 |
|
|a компоненты-маркеры
|
| 610 |
1 |
|
|a вольтамперометрическое определение
|
| 610 |
1 |
|
|a реальные условия
|
| 610 |
1 |
|
|a диссертаци
|
| 610 |
1 |
|
|a труды учёных ТПУ
|
| 675 |
|
|
|a 543.552(04)
|v 4
|
| 686 |
|
|
|a 02.00.02
|2 oksvnk
|
| 700 |
|
1 |
|a Сорокин
|b И. А.
|g Игорь Андреевич
|
| 702 |
|
1 |
|a Слепченко
|b Г. Б.
|c химик
|c профессор Томского политехнического университета, доктор химических наук
|f 1956-
|g Галина Борисовна
|3 (RuTPU)RU\TPU\pers\25643
|4 727
|9 11554
|
| 712 |
0 |
2 |
|a Национальный исследовательский Томский политехнический университет (ТПУ)
|c (2009- )
|3 (RuTPU)RU\TPU\col\15902
|
| 801 |
|
1 |
|a RU
|b 63413507
|c 20180515
|
| 801 |
|
2 |
|a RU
|b 63413507
|c 20190109
|g RCR
|
| 942 |
|
|
|c BK
|